000 00327nam a22001457a 4500
008 230707b ||||| |||| 00| 0 eng d
020 _a9780874513448
041 _aeng
080 _a159.9
082 _a159.9ROS
100 _a25
101 _aPSI
245 _aPREVEBTIN IN HEALTH PSYCHOLOGY
_cROSEN .C.J
942 _2udc
_cBK
999 _c60118
_d60118